000 02115cam a2200145 4500500
005 20260405085546.0
041 _afre
042 _adc
100 1 0 _aBruit Zaidman, Louise
_eauthor
700 1 0 _aBruit Zaidman, Louise
_eauthor
245 0 0 _aLes Grecs et leurs dieux : Pratiques et représentations religieuses dans la cité à l'époque classique
260 _bArmand Colin,
_c2005.
520 _aLes Grecs et leurs dieux : mille cinq cents ans d'échanges entre les hommes et les femmes du monde grec et des dieux aux multiples fonctions et aux multiples noms. Ils nous parlent encore à travers les textes, les images, les monuments qui témoignent de cette civilisation. Ce livre s'attache plus particulièrement aux cinq siècles (du VIIIe au IIe av. J.-C.) des périodes archaïque et classique au cours desquels s'établit et s'épanouit la cité grecque. Il propose de saisir dans des textes divers, depuis les inscriptions gravées sur les murs des sanctuaires jusqu'aux oeuvres des poètes et des historiens, quelques aspects essentiels de cette religion et de son fonctionnement. Notre parcours conduira du foyer familial où Hestia veille sur l'ensemble de la maisonnée, aux fêtes de village sous le signe de Dionysos, aux rassemblements festifs autour des dieux de la cité. Dans leurs sanctuaires, oraculaires ou de guérison, les dieux apportent aussi des réponses aux grandes interrogations des humains. Les Mystères d'Éleusis accueillent des pèlerins toujours plus nombreux, mais beaucoup d'autres mystères ont aussi leur public de candidats à l'initiation. Mais ne nous fions pas à une image trop consensuelle des rapports entre le monde des hommes et celui des dieux. Le service des dieux est exigeant, comme en témoigne le détail pointilleux des rituels, et tout écart des humains vis-à-vis d'eux entraîne d'incalculables dommages. De terribles histoires l'attestent dans les mythes et dans les tragédies, témoins de la puissance redoutable des dieux.
856 4 1 _uhttps://shs.cairn.info/les-grecs-et-leurs-dieux--9782200262303?lang=fr&redirect-ssocas=7080
999 _c2198533
_d2198533